Catálogo de monedas del Museo de León /

محفوظ في:

مؤلف مشترك: Museo de León (León, Spain)

مؤلفون آخرون: Parrado Cuesta, María Soledad.

التنسيق: كتاب

اللغة: Spanish

منشور في: [Valladolid] : Consejeria de Educacion y Cultura, [1999]-

سلاسل: Museos de Castilla y Leon. Estudios y catalogos ; 10-

الموضوعات:

الوسوم: إضافة وسم

لا توجد وسوم, كن أول من يضع وسما على هذه التسجيلة!

رقم الطلب: CJ3182.2 .L46 M87 1999

LEADER 01263namaa2200337 4500
001 12121
003 OSt
005 20240821121033.0
008 130303m19999999sp a bc 000 0 spa d
952 |0 0  |1 0  |2 lcc  |4 0  |6 CJ31822 L46 M87 01999  |7 1  |9 57766  |a ARCE  |b ARCE  |d 2023-12-14  |l 0  |o CJ3182.2 .L46 M87 1999  |p 1013625  |r 2023-12-14 00:00:00  |w 2023-12-14  |y BK 
999 |c 10593  |d 10593 
010 |a 2001388453 
020 |a 8478468625 
040 |c ARCE Library 
043 |a e-sp--- 
050 4 |a CJ3182.2 .L46 M87 1999 
110 2 |a Museo de León (León, Spain) 
245 1 0 |a Catálogo de monedas del Museo de León /  |c Ma. Soledad Parrado Cuesta. 
264 1 |a [Valladolid] :   |b Consejeria de Educacion y Cultura,   |c [1999]-  
300 |a volume <1> :  |b illustrations ;  |c 30 cm. 
490 1 |a Museos de Castilla y Leon. Estudios y catalogos ;   |v 10- 
500 |a En la port.: Union Europea  
504 |a Bibliography : volume 1, pages 163-177. 
505 1 |a volume 1. Edad Antigua. 
555 |a .alaa-sweed 
610 2 0 |a Museo de León (León, Spain)  |v Catalogs. 
650 0 |a Coins  |z Spain  |z León  |v Catalogs. 
700 1 |a Parrado Cuesta, María Soledad.  |9 37334 
830 0 |a Museos de Castilla y Leon. Estudios y catalogos ;   |v 10- 
901 |a reviewed 
942 |c BK  |2 lcc